000 02596cam a2200325 i 4500
003 SA-RiAUC
005 20241015121547.0
008 241014s2000 su g 00000 ara c
040 _aSA-RiKSU
_bara
_cSA-RiAUC
_erda
082 0 4 _a237.3
082 0 4 _a237.3
_qSA-RiAUC
090 _a213,6 ح ش ب
090 _a237.3
_bا ب ن ح
100 1 _aابن حجر العسقلاني، أحمد بن علي بن محمد،
_d773-852 هجري
_eمؤلف.
245 1 0 _aبلوغ المرام من أدلة الأحكام /
_cتأليف ابن حجر العسقلاني ؛ حققه وخرج أحاديثه وعلق عليه سمير بن أمين الزهيري.
250 _aالطبعة الثالثة. طبعة جديدة ومنقحة
264 1 _aالرياض :
_bدار أطلس،
_c2000
300 _aمجلدات ؛
_c24 سم
336 _aنص
_btxt
_2rdacontent
_3كتاب
337 _aبدون وسيط
_bn
_2rdamedia
338 _aمجلد
_bnc
_2rdacarrier
650 7 _aالحديث
_xأحكام
_2aucsh
650 7 _aالحديث
_xجوامع الفنون
_2aucsh
700 1 2 _iتحقيق لـ (عمل) :
_aابن حجر العسقلاني، أحمد بن علي بن محمد،
_d773-852 هجري.
_tبلوغ المرام من أدلة الأحكام
700 1 _aالزهيري، سمير بن أمين
_eمحقق.
856 _uhttp://dlib.nyu.edu/aco/book/columbia_aco000354/1?lang=ar
_yDigital Copy
_2 نرجو الانتباه لإمكانية وجود اختلاف في الطبعة أو الناشر بين البيانات على البوابة وما ستجده على الكتاب نظرا لمحدودية المعلومات المتاحة على الموقع الناشر للمادة.
_3Please note that there may be a difference in the edition or publisher between the data on the portal and the book due to the limited information available on the publisher website for the material.
856 _uhttp://dlib.nyu.edu/files/books/columbia_aco000354/columbia_aco000354_thumb.jpg
_yCoverImage
_2 نرجو الانتباه لإمكانية وجود اختلاف في الطبعة أو الناشر بين البيانات على البوابة وما ستجده على الكتاب نظرا لمحدودية المعلومات المتاحة على الموقع الناشر للمادة.
_3Please note that there may be a difference in the edition or publisher between the data on the portal and the book due to the limited information available on the publisher website for the material.
942 _2ddc
_cBOOK
_n0
949 _aSA-JeALM
_d241014
_umohamedma123
_n1
999 _c1345
_d1345